00359nam a2200157Ia 4500008004100000041000800041082001300049100001700062245003700079260002100116300000800137500001400145500001100159650001400170700001700184230125s9999 xx 000 0 und d aeng a376bUNE aUnesco, Pub. aWorld educational forum-A report c1990bUnesco Pub a84p aEducation aUnesco aEducation aUnesco, Pub.